| 000 | 00602nam a2200169 a 4500 | ||
|---|---|---|---|
| 001 | 000029653 | ||
| 005 | 20240229073921.0 | ||
| 008 | 110419s1999 dr ac 000 0 spa d | ||
| 040 |
_aDO-SdBNP _bspa _cBNPHU |
||
| 082 |
_axxx _bM378m |
||
| 100 | 1 |
_aMateo, Andrés L., _d 1946- _c1946- _9776 |
|
| 245 | 1 | 0 |
_aLa dominicanidad en los apuntes de un viaje, de José Martí / _cAndrés L Mateo ; edición Juan Sánchez Piña. |
| 260 |
_a[Santo Domingo] : _bSecretaría de Estado de Cultura, _c[1999?]. |
||
| 300 |
_a19 p. : _bil., retrs. ; _c27 cm. |
||
| 700 | 1 |
_aSánchez Piña, Juan _eed. _951683 |
|
| 049 | _aBNPD | ||
| 999 |
_c29145 _d29145 |
||